Quiz Geografía - Etimología y Toponimias - Estadísticas

Estadísticas generales
  • Esta prueba ha sido intentada 190 veces
  • La puntuación promedio es 5 de 13
Estadísticas de respuestas
Es un/a... Idioma Significado Respuesta % Correcto
Ciudad Latín Florecimiento Florencia
78%
Desierto Árabe Desierto Sahara
77%
Ciudad Danés Puerto del mercado Copenhague
59%
Maravilla Natural del Mundo Guaraní Agua grande Iguazú
55%
Río americano Ojibwa Grandes Aguas Mississippi
55%
Ciudad (y nombre español del país) Bereber Tierra de Dios Marrakech/Marruecos
51%
Ciudad Japonés Ciudad capital Kyoto
41%
Río Sánscrito Que se mueve rápidamente Ganges
35%
País africano Árabe Las Islas Argelia
27%
País Malayo ¡Eso es! Brunéi
26%
País africano Mossi y Diula Patria de Hombres Honestos Burkina Faso
16%
Ciudad europea Fenicio Puerto Seguro Lisboa
5%
Región europea Árabe Tierra sin agua La Mancha
3%
No se encontraron pruebas coincidentes
Distribución de puntuación
Porcentaje de gente con cada puntuación
Porcentaje por número respondido
Historial de tus puntuaciones
No has intentado esta prueba.